| 000 | 00731nam a2200265 i 4500 | ||
|---|---|---|---|
| 003 | DO-SdBNP | ||
| 005 | 20231009084435.0 | ||
| 007 | ta | ||
| 008 | 110413s2018 gt ao 000 0 spa d | ||
| 020 | _a9788477743880 | ||
| 040 |
_aDO-SdBNP _bspa _cBNPHU _erda |
||
| 082 |
_bW859 _222 |
||
| 100 |
_aWolfgang Goethe, Johann _984407 |
||
| 110 | _936704 | ||
| 245 | 1 | 0 |
_aConfesiones de un alma bella / _cJohann Wolfgang Goethe |
| 264 |
_aMadrid : _bA. Machado Libros, _c2018. |
||
| 300 |
_a116 páginas ; _c23 cm. |
||
| 336 |
_2rdacontent _atexto _btxt |
||
| 337 |
_2rdamedia _asin mediación _bn |
||
| 338 |
_2rdacarrier _avolumen _bnc |
||
| 590 | _aInventariado, 2023/ DG | ||
| 700 | _984126 | ||
| 910 | _aDG | ||
| 942 |
_2ddc _cLBS1 |
||
| 999 |
_c55112 _d55112 |
||